00800nam a2200217Ii 45000010005000000030009000050080041000140400033000550410008000880820015000961000040001112450048001512640081001993000012002803360026002923370028003183380027003469400050003739990017004239520142004408712CO-ViMGA241108s9999||||xx |||||||||||||| ||und|| aCO-ViMGAbspaerdacCO-ViMGA0 aunk04aC864-M152d1 aLuis Fernando Macias Zuluaga94977510aDiario de Lectura :bManuel Mejía Vallejo 1a[Lugar de publicación no identificado] : Biblioteca Pública Piloto, 1995 avolumen atextbtxt2rdacontent aunmediatedbn2rdamedia avolumebnc2rdacarrier aidficha_siabuc: 8515. -- ficha_no_siabuc:8712 c53730d53730 001040708001aMEVIGERRbMEVIGERRcGENd2006-11-27hVol.1oC864-M152dpECA9046r2024-11-26 10:40:48tEj.1w2024-11-26yBKz8515 | 11951